| 000 | 00484cam a22001457a 4500 | ||
|---|---|---|---|
| 008 | 180718b1998 xxu||||| |||| 00| 0 eng d | ||
| 082 | _aAPPPA 97-98 JHA/11 | ||
| 100 | _aJhamb, Arvind | ||
| 245 |
_aPromoting India as a tourist destination: the role of wildlife tourism _cby Arvind Jhamb |
||
| 260 |
_aNew Delhi _bIndian Institute of Public Administration _c1998 |
||
| 300 | _a182p. | ||
| 500 | _aAn APPPA M.Phil. dissertation, 1997-98 | ||
| 650 | _aAPPPA | ||
| 650 | _aTourism - India | ||
| 999 |
_c485685 _d485685 |
||